000 00743nam a2200205 a 4500
005 20211015151543.0
008 210430s1986 ag |||gr|||| 00| 0 spa d
020 _a8459913570
040 _aCO-BoUCM
_bspa
_cDeissy Garcia
_dDeissy Garcia
041 0 _aspa
100 1 _aParejo Alfonso, Luciano
_942153
245 1 0 _aDerecho urbanístico
_binstituciones básicas
_cLuciano Parejo Alfonso
260 _aMendoza, Argentina
_bEdiciones Ciudad Argentina
_c1986
300 _a684 páginas
504 _aIncluye referencias bibliográficas
650 7 _aDerecho urbanístico
_zEspaña
_9103244
650 7 _aUrbanismo
_xLegislación
_zEspaña
_9103245
942 _cLIBRO
_2DEWEY
_a8
_e1
_h346.045
_mP227d
_n0
999 _c313796
_d313796